Normal view MARC view
  • Bowersox, Donald J.

Entry Personal Name

Number of records used in: 3

001 - CONTROL NUMBER

  • control field: 19205

003 - CONTROL NUMBER IDENTIFIER

  • control field: NUST

005 - DATE AND TIME OF LATEST TRANSACTION

  • control field: 20190809043756.0

008 - FIXED-LENGTH DATA ELEMENTS

  • fixed length control field: 190809|| aca||aabn | a|a d

040 ## - CATALOGING SOURCE

  • Original cataloging agency: NUST
  • Transcribing agency: NUST

100 ## - HEADING--PERSONAL NAME

  • Personal name: Bowersox, Donald J.

670 ## - SOURCE DATA FOUND

  • Source citation: Work cat.: (NUST)0: Bowersox, Donald J., SUPPLY CHAIN LOGISTICS MANAGEMENT /, c2007.
© 2023 Central Library, National University of Sciences and Technology. All Rights Reserved.